ბათუმის შოთა რუსთაველის სახელმწიფო უნივერსიტეტის ბიბლიოთეკა

ადამიანი, სახელმწიფო და ომი : (ბიბ.ჩანაწერი № 34769)

000 -ლიდერი
ფიქსირებული სიგრძის საკონტროლო ველი 01030nam a2200241Ia 4500
001 - საკონტროლო ნომერი
საკონტროლო ველი 579
003 - საკონტროლო ნომრის იდენტიფიკატორი
საკონტროლო ველი GE_BSU
005 - ბოლო ოპერაციის თარიღი და დრო
საკონტროლო ველი 20230222124653.0
008 - ფიქსირებული სიგრძის მონაცემთა ელემენტები - ზოგადი ინფორმაცია
ფიქსირებული სიგრძის საკონტროლო ველი 181216sge 2003xx |||||||||||||| ||geo||
020 ## - წიგნის საერთაშორისო სტანდარტული ნომერი
International Standard Book Number 9994017209
040 ## - კატალოგიზაციის წყარო
Transcribing agency GE_BSU
041 ## - ენის კოდი
Language code of text/sound track or separate title geo
080 ## - უნივერსალური ათობითი კლასიფიკაციის ინდექსი
Universal Decimal Classification number 316.485.26+316.485.25+327.57 უ-51
100 ## - მთავარი ჩანაწერი - პიროვნების სახელი
Personal name უოლცი, ნ. კენეთ
9 (RLIN) 17011
245 ## - ცნობა სათაურის შესახებ
Title ადამიანი, სახელმწიფო და ომი :
Remainder of title თეორიული ანალიზი /
Statement of responsibility, etc ნ. კენეთ უოლცი, რედ. კიღურაძე ნინო
264 ## - წარმოების, გამოცემის, დისტრიბუციის და სხვა ცნობები
გამოცემის, წარმოების, დისტრიბუციის... ადგილი თბილისი :
გამოცემის, წარმოების, დისტრიბუციის... სახელწოდება ჯისიაი,
გამოცემის, წარმოების, დისტრიბუციის... თარიღი 2003.
300 ## - ფიზიკური აღწერა
Extent 279 გვ.:
Other physical details 20 სმ.
653 ## - INDEX TERM--UNCONTROLLED
Uncontrolled term კონფლიქტების სოციოლოგია
653 ## - INDEX TERM--UNCONTROLLED
Uncontrolled term მშვიდობის სოციოლოგია
653 ## - INDEX TERM--UNCONTROLLED
Uncontrolled term ომის სოციოლოგია
700 ## - ADDED ENTRY--PERSONAL NAME
Personal name კიღურაძე, ნინო
Relator term რედაქტორი
9 (RLIN) 1005
942 ## - ADDED ENTRY ELEMENTS (KOHA)
Koha item type წიგნი
Source of classification or shelving scheme
ეგზემპლარები
ჩამოწერის სტატუსი დაკარგული ეგზემპლარის სტატუსი კლასიფიკაციის წყარო ან თაროზე გაწყობის სქემა დაზიანების სტატუსი არ გაიცემა მუდმივი მდებარეობა (დაცვის ადგილი) ამჟამინდელი ადგილსამყოფელი თაროზე განთავსების ადგილი შეძენის თარიღი ღირებულება, შესყიდვის ნორმალური ფასი სრული შენახვის შიფრი შტრიხკოდი ბოლო ოპერაციის თარიღი ეგზემპლარის მიმდევრობითი ნომერი (კეტერი?) ფასის ძალაში შესვლის თარიღი ეგზემპლარის სახეობა საჯარო შენიშვნა
          ბათუმის შოთა რუსთაველის სახელმწიფო უნივერსიტეტის მთავარი ბიბლიოთეკა ბათუმის შოთა რუსთაველის სახელმწიფო უნივერსიტეტის მთავარი ბიბლიოთეკა წიგნსაცავი 2018-12-17 15.00 316.485.26+316.485.25+327.57 უ-51 2377 2018-12-17 2377 2018-12-17 წიგნი 15.00
          ბათუმის შოთა რუსთაველის სახელმწიფო უნივერსიტეტის მთავარი ბიბლიოთეკა ბათუმის შოთა რუსთაველის სახელმწიფო უნივერსიტეტის მთავარი ბიბლიოთეკა წიგნსაცავი 2018-12-17 15.00 316.485.26+316.485.25+327.57 უ-51 2378 2018-12-17 2378 2018-12-17 წიგნი 15.00
          ბათუმის შოთა რუსთაველის სახელმწიფო უნივერსიტეტის მთავარი ბიბლიოთეკა ბათუმის შოთა რუსთაველის სახელმწიფო უნივერსიტეტის მთავარი ბიბლიოთეკა წიგნსაცავი 2023-02-22 8.00 316.485.26+316.485.25+327.57 უ-51 63863 2023-02-22 63863 2023-02-22 წიგნი 8.00